[Event "XVIII Festival A"]
[Site "Porto San Giorgio ITA"]
[Date "2006.08.28"]
[Round "8"]
[White "Di Caro, Calogero"]
[Black "Cristiani, Cesare"]
[Result "1-0"]
[WhiteElo "2340"]
[BlackElo "2164"]
[PlyCount "73"]
[EventDate "2006.08.21"]

1. d4 Nf6 2. c4 c5 3. d5 e6 4. Nc3 exd5 5. cxd5 d6 6. e4 g6 7. Nge2 Bg7 8. Ng3
a6 9. a4 h5 10. Be2 Bg4 11. f3 h4 12. Nf1 Bc8 13. Ne3 Nbd7 14. f4 Nh5 15. Nc4
Nb6 16. Na3 Bd7 17. Qb3 Qc7 18. a5 Nc8 19. Nc4 Rb8 20. e5 h3 21. g4 dxe5 22.
gxh5 exf4 23. hxg6 fxg6 24. O-O Bd4+ 25. Kh1 O-O 26. Ne4 Bf5 27. Bf3 Qe7 28. d6
Qxe4 29. Ne5+ Kg7 30. Bxe4 Bxe4+ 31. Nf3 Nxd6 32. Bd2 g5 33. Rae1 Bc6 34. Bc3
g4 35. Bxd4+ cxd4 36. Rg1 Nc4 37. Rxg4+ 1-0

[Event "XVIII Festival A"]
[Site "Porto San Giorgio ITA"]
[Date "2006.08.28"]
[Round "8"]
[White "Dragojlovic, Andjelko"]
[Black "Roeder, Matthias"]
[Result "0-1"]
[WhiteElo "2368"]
[BlackElo "2423"]
[PlyCount "96"]
[EventDate "2006.08.21"]

1. e4 c5 2. Nf3 d6 3. d4 cxd4 4. Qxd4 Nf6 5. e5 Nc6 6. Bb5 Qa5+ 7. Nc3 Qxb5 8.
Nxb5 Nxd4 9. Nfxd4 dxe5 10. Nf3 Nd5 11. Nxe5 a6 12. c4 axb5 13. cxd5 e6 14.
dxe6 Bxe6 15. a3 Bd6 16. f4 f6 17. Nf3 Ra4 18. O-O Bxf4 19. Bxf4 Rxf4 20. Rae1
Ke7 21. g3 Ra4 22. b3 Ra6 23. Nd4 Kf7 24. Rc1 Rc8 25. Rxc8 Bxc8 26. Rc1 Bd7 27.
Rc7 Ke8 28. Rxb7 Rxa3 29. h4 Kd8 30. Rb8+ Ke7 31. Rb6 h6 32. Kf2 Ra2+ 33. Ke3
Rg2 34. Kf3 Rb2 35. Kf4 Rb1 36. Ke3 Re1+ 37. Kf4 Re5 38. b4 g5+ 39. hxg5 Rxg5
40. Kf3 Rg4 41. Nxb5 Rxb4 42. Nc3 Rxb6 43. Nd5+ Kd6 44. Nxb6 Be6 45. Kf4 Bb3
46. Kf5 Kc7 47. Kg6 Kxb6 48. Kh5 Bf7+ 0-1

[Event "XVIII Festival A"]
[Site "Porto San Giorgio ITA"]
[Date "2006.08.28"]
[Round "8"]
[White "Estremera Panos, Sergio"]
[Black "Borgiani, Flavio"]
[Result "1-0"]
[WhiteElo "2345"]
[BlackElo "2169"]
[PlyCount "35"]
[EventDate "2006.08.21"]

1. d4 b5 2. e4 Bb7 3. Nd2 a6 4. Ngf3 e6 5. a4 b4 6. c4 d6 7. Bd3 Nf6 8. Qe2 Be7
9. O-O O-O 10. e5 Nfd7 11. Ne4 dxe5 12. dxe5 Nc5 13. Nxc5 Bxc5 14. Rd1 Qe7 15.
Bxh7+ Kh8 16. Be4 Nc6 17. Ng5 Bxf2+ 18. Qxf2 1-0

[Event "XVIII Festival A"]
[Site "Porto San Giorgio ITA"]
[Date "2006.08.28"]
[Round "8"]
[White "Ferri, Stefano"]
[Black "Malloni, Marcello"]
[Result "1-0"]
[WhiteElo "2121"]
[BlackElo "2276"]
[PlyCount "91"]
[EventDate "2006.08.21"]

1. d4 Nf6 2. Nf3 d5 3. c4 e6 4. Nc3 Bb4 5. Bg5 Nbd7 6. e3 c5 7. cxd5 exd5 8.
Nd2 Qa5 9. Qc2 O-O 10. Nb3 Qa4 11. Bxf6 Nxf6 12. dxc5 Be6 13. Bd3 Rfc8 14. O-O
Qe8 15. Nb5 Qe7 16. Rac1 g6 17. a3 Bxc5 18. Nxc5 b6 19. b4 Nd7 20. Nd4 bxc5 21.
Ba6 c4 22. Bxc8 Rxc8 23. e4 Nf6 24. exd5 Bxd5 25. Rfe1 Qb7 26. f3 Qb6 27. Qf2
Qa6 28. Nc2 Be6 29. Qd4 Nd5 30. Re5 Nb6 31. Ra5 Qb7 32. Rc5 Re8 33. Ne3 Qa6 34.
Ra5 Qb7 35. h4 h5 36. Kf2 Qc7 37. Qe5 Qe7 38. g3 f6 39. Qe4 Qf7 40. Re1 Bd5 41.
Qd4 Ba8 42. Rc5 Qb7 43. Qxf6 Kh7 44. Rg5 Rg8 45. Ng4 Rg7 46. Rxh5+ 1-0

[Event "XVIII Festival A"]
[Site "Porto San Giorgio ITA"]
[Date "2006.08.28"]
[Round "8"]
[White "Friedrich, Norbert"]
[Black "Altini, Daniele"]
[Result "1-0"]
[WhiteElo "2292"]
[BlackElo "2292"]
[PlyCount "71"]
[EventDate "2006.08.21"]

1. e4 c5 2. Nf3 e6 3. d4 cxd4 4. Nxd4 Nc6 5. Nc3 d6 6. Be2 Nf6 7. O-O Be7 8.
Kh1 O-O 9. f4 a6 10. a4 Qc7 11. Be3 Re8 12. Bf3 Rb8 13. g4 g6 14. g5 Nd7 15.
Bg2 Bf8 16. Qf3 Nb6 17. Rad1 Nc4 18. Bc1 Bg7 19. Nde2 Nb4 20. b3 Na5 21. Ba3
Qb6 22. Rd2 Bf8 23. f5 exf5 24. Bxb4 Qxb4 25. Rd4 Qa3 26. Rd5 Nc6 27. exf5 Bxf5
28. Rxf5 gxf5 29. Qxf5 Ne5 30. Be4 Bg7 31. Qxh7+ Kf8 32. Ng3 Re6 33. Nh5 Qc5
34. Qxg7+ Ke7 35. Nd5+ Kd7 36. Rxf7+ 1-0

[Event "XVIII Festival A"]
[Site "Porto San Giorgio ITA"]
[Date "2006.08.28"]
[Round "8"]
[White "Hanley, Craig A."]
[Black "Coratella, Giuseppe"]
[Result "1/2-1/2"]
[WhiteElo "2419"]
[BlackElo "2204"]
[PlyCount "93"]
[EventDate "2006.08.21"]

1. e4 e6 2. d4 d5 3. Nd2 Nf6 4. e5 Nfd7 5. Bd3 c5 6. c3 Nc6 7. Ngf3 f6 8. exf6
Qxf6 9. O-O cxd4 10. cxd4 Bd6 11. Re1 O-O 12. Bxh7+ Kxh7 13. Rxe6 Bxh2+ 14.
Kxh2 Qf5 15. Nf1 Nf6 16. Rd6 Kg8 17. Kg1 Ne4 18. Ne3 Qf7 19. Rxd5 Be6 20. Rb5
a6 21. Rb6 Rad8 22. Qc2 Qg6 23. Rxc6 bxc6 24. Ne5 Qh7 25. f3 Ng3 26. Nxc6 Qxc2
27. Nxc2 Rd6 28. d5 Ne2+ 29. Kf2 Nxc1 30. Rxc1 Bxd5 31. Ne7+ Kf7 32. Nf5 Rc6
33. Nfd4 Rc7 34. Ra1 Rd8 35. Ke3 Kf6 36. b4 Bf7 37. a4 Bg6 38. Ra2 Rc3+ 39. Ke2
Rd3 40. b5 axb5 41. axb5 R3xd4 42. Nxd4 Rxd4 43. Ra6+ Kf7 44. Ra7+ Kf6 45. Ra6+
Kf7 46. Ra7+ Kf6 47. Ra6+ 1/2-1/2

[Event "XVIII Festival A"]
[Site "Porto San Giorgio ITA"]
[Date "2006.08.28"]
[Round "8"]
[White "Orlov, Andrey"]
[Black "Lettieri, Giuseppe"]
[Result "1-0"]
[WhiteElo "2439"]
[BlackElo "2295"]
[PlyCount "115"]
[EventDate "2006.08.21"]

1. e4 e5 2. Nf3 d6 3. d4 exd4 4. Nxd4 Nf6 5. Nc3 Be7 6. Be2 O-O 7. O-O Re8 8.
Re1 Bf8 9. Bf3 Nbd7 10. g3 c6 11. Bg2 Qc7 12. h3 Nc5 13. Bg5 Nfd7 14. Be3 Nf6
15. Bf4 Ne6 16. Nxe6 Bxe6 17. Qd2 Nd7 18. Ne2 Ne5 19. Nd4 Qb6 20. Nxe6 Rxe6 21.
b3 a5 22. Be3 Qc7 23. Bd4 a4 24. Rad1 Ree8 25. Bc3 Nd7 26. Kh2 Nc5 27. Re2 Qc8
28. Rde1 f5 29. exf5 Rxe2 30. Rxe2 axb3 31. axb3 Qxf5 32. b4 Nd7 33. h4 Qf7 34.
b5 d5 35. bxc6 bxc6 36. Bd4 Nc5 37. Qe3 Nb7 38. c4 Nd6 39. cxd5 Re8 40. Qd3
cxd5 41. Bb6 Rxe2 42. Bxd5 Qxd5 43. Qxd5+ Nf7 44. Be3 Rc2 45. g4 Rc8 46. h5 h6
47. f4 Re8 48. Qb3 Bd6 49. Kg2 Kh8 50. g5 hxg5 51. fxg5 Ne5 52. Bd4 Nc6 53. Qb5
Re4 54. Qxc6 Rxd4 55. Qe8+ Kh7 56. g6+ Kh6 57. Qh8+ Kg5 58. Qxg7 1-0

[Event "XVIII Festival A"]
[Site "Porto San Giorgio ITA"]
[Date "2006.08.28"]
[Round "8"]
[White "Palac, Mladen"]
[Black "Kohlweyer, Bernd"]
[Result "1-0"]
[WhiteElo "2584"]
[BlackElo "2419"]
[PlyCount "49"]
[EventDate "2006.08.21"]

1. e4 c5 2. Nf3 d6 3. d4 cxd4 4. Nxd4 Nf6 5. Nc3 a6 6. Be3 e6 7. Be2 Qc7 8. a4
b6 9. f4 Bb7 10. Bf3 Nbd7 11. Qe2 Rc8 12. O-O Qc4 13. Qe1 e5 14. Nf5 g6 15.
fxe5 dxe5 16. Nh6 Bb4 17. Bd2 Rf8 18. Rd1 Bxc3 19. Bxc3 Qxa4 20. Bb4 Rxc2 21.
Bxf8 Kxf8 22. g4 Ng8 23. Qh4 Nxh6 24. Qd8+ Kg7 25. g5 1-0

[Event "XVIII Festival A"]
[Site "Porto San Giorgio ITA"]
[Date "2006.08.29"]
[Round "9"]
[White "Csiszar, Csaba"]
[Black "Calzetta Ruiz, Monica"]
[Result "1-0"]
[WhiteElo "2403"]
[BlackElo "2329"]
[PlyCount "69"]
[EventDate "2006.08.21"]

1. d4 Nf6 2. c4 c5 3. d5 b5 4. cxb5 a6 5. e3 g6 6. Nc3 Bg7 7. a4 O-O 8. Nf3 Bb7
9. Be2 axb5 10. Bxb5 e6 11. e4 exd5 12. exd5 Re8+ 13. Be3 Ng4 14. O-O Nxe3 15.
fxe3 Rxe3 16. Qd2 Re8 17. Qf4 f5 18. d6 Kh8 19. Rae1 Nc6 20. Rxe8+ Qxe8 21. Re1
Qf8 22. Bxc6 Bxc6 23. Ne5 Re8 24. Re2 g5 25. Qg3 Bf6 26. Nxc6 Rxe2 27. Nxe2
dxc6 28. b3 f4 29. Qd3 Bd4+ 30. Kf1 Qxd6 31. a5 f3 32. Qxf3 Bf6 33. a6 Kg7 34.
Ng3 Qe5 35. Nh5+ 1-0

[Event "XVIII Festival A"]
[Site "Porto San Giorgio ITA"]
[Date "2006.08.29"]
[Round "9"]
[White "Di Caro, Calogero"]
[Black "Mrdja, Milan"]
[Result "1/2-1/2"]
[WhiteElo "2340"]
[BlackElo "2414"]
[PlyCount "34"]
[EventDate "2006.08.21"]

1. d4 d5 2. c4 Nc6 3. Nc3 e5 4. cxd5 Nxd4 5. e3 Nf5 6. Bb5+ Bd7 7. Qb3 Rb8 8.
Bxd7+ Qxd7 9. Nf3 Bd6 10. e4 Nfe7 11. Be3 b6 12. Nd2 Nf6 13. f3 O-O 14. O-O c6
15. dxc6 Nxc6 16. Nc4 Bc5 17. Bxc5 bxc5 1/2-1/2

[Event "XVIII Festival A"]
[Site "Porto San Giorgio ITA"]
[Date "2006.08.29"]
[Round "9"]
[White "Farago, Ivan"]
[Black "Bokros, Albert"]
[Result "1-0"]
[WhiteElo "2513"]
[BlackElo "2464"]
[PlyCount "95"]
[EventDate "2006.08.21"]

1. d4 e6 2. c4 Nf6 3. Nf3 b6 4. a3 Ba6 5. Qc2 Bb7 6. Nc3 c5 7. e4 cxd4 8. Nxd4
Bc5 9. Nb3 Nc6 10. Bf4 O-O 11. Rd1 e5 12. Bg5 Nd4 13. Nxd4 Bxd4 14. Bd3 h6 15.
Bh4 a6 16. O-O Rc8 17. Ne2 Bc5 18. b4 Be7 19. f3 b5 20. Qb3 Qb6+ 21. c5 Qc7 22.
Bb1 Rcd8 23. Ng3 d6 24. cxd6 Rxd6 25. Rxd6 Qxd6 26. Nf5 Qc7 27. Qc2 Rc8 28.
Qxc7 Rxc7 29. Bg3 Kf8 30. Bxe5 Rd7 31. Rc1 Ne8 32. Nxe7 Kxe7 33. Kf1 f6 34. Bf4
g5 35. Be3 Nd6 36. Bc5 Ke8 37. Ba2 Nc4 38. Bxc4 bxc4 39. Rxc4 Bc6 40. Rd4 Rxd4
41. Bxd4 Ke7 42. Kf2 Ke6 43. Ke3 Bb5 44. g3 Ba4 45. f4 Bb5 46. f5+ Ke7 47. Bc5+
Kd7 48. e5 1-0

[Event "XVIII Festival A"]
[Site "Porto San Giorgio ITA"]
[Date "2006.08.29"]
[Round "9"]
[White "Horvath, Peter"]
[Black "Trent, Lawrence"]
[Result "0-1"]
[WhiteElo "2465"]
[BlackElo "2434"]
[PlyCount "126"]
[EventDate "2006.08.21"]

1. d4 Nf6 2. c4 e6 3. Nf3 c5 4. d5 d6 5. Nc3 exd5 6. cxd5 g6 7. Nd2 Bg7 8. e4
O-O 9. Be2 Na6 10. O-O Nc7 11. a4 b6 12. f3 Rb8 13. Kh1 Nd7 14. Nc4 Ne5 15. Ne3
f5 16. f4 Nf7 17. exf5 gxf5 18. Bd3 Nh6 19. Qh5 Qe8 20. Qxe8 Rxe8 21. h3 Bd4
22. Rf3 Kh8 23. Bd2 Bb7 24. Bc4 Ba8 25. Nc2 a6 26. Bb3 Re7 27. Re1 Rbe8 28.
Rxe7 Rxe7 29. Rd3 Bf6 30. Re3 Ng8 31. Bc4 b5 32. axb5 axb5 33. Nxb5 Nxb5 34.
Bxb5 Bxd5 35. Rxe7 Nxe7 36. b4 c4 37. Be3 Be4 38. Bd4 Kg7 39. Bxf6+ Kxf6 40.
Nd4 c3 41. Ba4 Nd5 42. b5 Nxf4 43. Kg1 Ke5 44. Nc6+ Bxc6 45. bxc6 Ne6 46. Kf2
d5 47. Bc2 h6 48. g3 f4 49. gxf4+ Kxf4 50. Ke2 Nd4+ 51. Kd3 Nxc6 52. Ba4 Ne5+
53. Kd4 Nf3+ 54. Kxc3 Ke3 55. Kb4 d4 56. Kc4 d3 57. Bd1 Ng5 58. h4 Ne4 59. Bh5
Nf2 60. Kc3 Ne4+ 61. Kb3 Kd4 62. Kb2 Nf2 63. Kb3 d2 0-1

[Event "XVIII Festival A"]
[Site "Porto San Giorgio ITA"]
[Date "2006.08.29"]
[Round "9"]
[White "Jaracz, Barbara"]
[Black "Estremera Panos, Sergio"]
[Result "0-1"]
[WhiteElo "2282"]
[BlackElo "2345"]
[PlyCount "54"]
[EventDate "2006.08.21"]

1. e4 c5 2. Nf3 d6 3. d4 cxd4 4. Nxd4 Nf6 5. Nc3 Nc6 6. Bg5 e6 7. Qd2 Be7 8. f3
O-O 9. O-O-O a6 10. h4 Nxd4 11. Qxd4 Qc7 12. g4 b5 13. Qd2 Bb7 14. Bd3 Rac8 15.
Ne2 d5 16. e5 Ne4 17. fxe4 dxe4 18. Bxe7 Qxe7 19. Rh3 exd3 20. Qxd3 Rfd8 21.
Qe3 Rxd1+ 22. Kxd1 Rd8+ 23. Kc1 Qb4 24. c3 Qxg4 25. Nd4 Qe4 26. Qg5 Qe1+ 27.
Kc2 Be4+ 0-1

[Event "XVIII Festival A"]
[Site "Porto San Giorgio ITA"]
[Date "2006.08.29"]
[Round "9"]
[White "Miezis, Normunds"]
[Black "Friedrich, Norbert"]
[Result "1-0"]
[WhiteElo "2527"]
[BlackElo "2292"]
[PlyCount "93"]
[EventDate "2006.08.21"]

1. c4 e6 2. e4 d5 3. cxd5 exd5 4. exd5 Nf6 5. Nc3 Nxd5 6. Nf3 Be7 7. d4 O-O 8.
Bd3 Nc6 9. O-O Bg4 10. h3 Bxf3 11. Qxf3 Ndb4 12. Bb1 Qxd4 13. Rd1 Qf6 14. Qe4
Qg6 15. a3 Qxe4 16. Bxe4 Na6 17. b4 Bf6 18. Bb2 Rab8 19. Rac1 Nd4 20. Kf1 c6
21. Bd3 Nb3 22. Rb1 Rfd8 23. Ne2 Bxb2 24. Rxb2 c5 25. Ke1 Nd4 26. Nxd4 cxd4 27.
Rc2 Rd6 28. Rdc1 Re8+ 29. Kd2 Kf8 30. Rc8 g6 31. Bb5 Rxc8 32. Rxc8+ Ke7 33. Kd3
Rf6 34. f3 Rd6 35. h4 h6 36. Bc4 Rd7 37. Bxa6 bxa6 38. Rc6 a5 39. b5 Rb7 40. a4
Rd7 41. Ra6 h5 42. g3 f6 43. Rxa5 Ke6 44. Ra6+ Kf5 45. Rc6 g5 46. Rc5+ Kg6 47.
a5 1-0

[Event "XVIII Festival A"]
[Site "Porto San Giorgio ITA"]
[Date "2006.08.29"]
[Round "9"]
[White "Naumkin, Igor"]
[Black "Fercec, Nenad"]
[Result "0-1"]
[WhiteElo "2430"]
[BlackElo "2497"]
[PlyCount "44"]
[EventDate "2006.08.21"]

1. d4 d5 2. c4 Nc6 3. Nf3 Bg4 4. cxd5 Bxf3 5. gxf3 Qxd5 6. e3 e5 7. Nc3 Bb4 8.
Bd2 Bxc3 9. bxc3 Qd6 10. Qb3 O-O-O 11. Rb1 b6 12. Qxf7 Nf6 13. Bg2 exd4 14.
cxd4 Nxd4 15. exd4 Qxd4 16. Qe6+ Kb8 17. Qe2 Rhe8 18. Be3 Qc3+ 19. Kf1 Nd5 20.
f4 Nxe3+ 21. fxe3 Rxe3 22. Kg1 Rd2 0-1

[Event "XVIII Festival A"]
[Site "Porto San Giorgio ITA"]
[Date "2006.08.29"]
[Round "9"]
[White "Palac, Mladen"]
[Black "Burmakin, Vladimir"]
[Result "1/2-1/2"]
[WhiteElo "2584"]
[BlackElo "2558"]
[PlyCount "34"]
[EventDate "2006.08.21"]

1. e4 c6 2. d4 d5 3. Nc3 dxe4 4. Nxe4 Nd7 5. Ng3 Ngf6 6. Bd3 e6 7. Nf3 Bd6 8.
Qe2 h6 9. Ne4 Nxe4 10. Qxe4 Nf6 11. Qe2 Qc7 12. Bd2 b6 13. O-O-O Bb7 14. Kb1
O-O-O 15. c4 c5 16. Be3 Rhg8 17. Bc2 Ba6 1/2-1/2

[Event "XVIII Festival A"]
[Site "Porto San Giorgio ITA"]
[Date "2006.08.29"]
[Round "9"]
[White "Roeder, Matthias"]
[Black "Jaracz, Pawel"]
[Result "1/2-1/2"]
[WhiteElo "2423"]
[BlackElo "2485"]
[PlyCount "23"]
[EventDate "2006.08.21"]

1. Nf3 c6 2. c4 Nf6 3. Nc3 d5 4. e3 a6 5. b3 Bg4 6. Be2 e6 7. Bb2 Nbd7 8. h3
Bh5 9. d3 Bxf3 10. Bxf3 Bd6 11. O-O O-O 12. d4 1/2-1/2

[Event "C.to Mondiale U18"]
[Site "Batumi GEO"]
[Date "2006.10.19"]
[Round "1"]
[White "Vocaturo, Daniele"]
[Black "Muheim, Lukas"]
[Result "1-0"]
[WhiteElo "2441"]
[BlackElo "2219"]
[PlyCount "71"]
[EventDate "2006.10.19"]

1. e4 c5 2. Nf3 Nc6 3. d4 cxd4 4. Nxd4 Nf6 5. Nc3 e5 6. Ndb5 d6 7. Bg5 a6 8.
Na3 b5 9. Nd5 Be7 10. Bxf6 Bxf6 11. c3 Ne7 12. Nxf6+ gxf6 13. g3 Bb7 14. Bg2 f5
15. Qe2 O-O 16. Nc2 Rc8 17. O-O f4 18. Rfd1 Ng6 19. a4 bxa4 20. Rxa4 f5 21.
exf5 Bxg2 22. Kxg2 Rxf5 23. Qxa6 Qf8 24. Rxd6 fxg3 25. Rxg6+ Kh8 26. f3 Rxf3
27. Ne1 Rf2+ 28. Kxg3 Rf1 29. Qe2 hxg6 30. Nf3 Rxf3+ 31. Qxf3 Qe7 32. Qe3 Kg7
33. Ra5 e4 34. Qd4+ Kh7 35. Rd5 Qc7+ 36. Kg4 1-0

[Event "C.to Mondiale U18"]
[Site "Batumi GEO"]
[Date "2006.10.20"]
[Round "2"]
[White "Azaladze, Shota"]
[Black "Vocaturo, Daniele"]
[Result "0-1"]
[WhiteElo "2298"]
[BlackElo "2441"]
[PlyCount "74"]
[EventDate "2006.10.19"]

1. Nf3 d6 2. d4 Nf6 3. Bg5 Nbd7 4. Nbd2 g6 5. e4 e5 6. c3 Bg7 7. Bd3 O-O 8. O-O
h6 9. Bh4 Qe8 10. Re1 Nh5 11. a4 a5 12. Nc4 b6 13. Ne3 Nf4 14. Bb5 Bb7 15. dxe5
c6 16. Bf1 dxe5 17. Qd6 Nc5 18. Nc4 g5 19. Nxb6 Nfe6 20. Nxa8 Qxa8 21. Qd1 gxh4
22. b4 Rd8 23. Qb1 axb4 24. cxb4 Nd7 25. Nxh4 Nd4 26. Bc4 Bf6 27. Nf5 Nxf5 28.
exf5 Nb6 29. Bf1 Nd5 30. Ra3 Ba6 31. Qe4 Nf4 32. Bxa6 Qxa6 33. Rc3 c5 34. Rxc5
Nd3 35. Rc6 Qa7 36. Re2 Nxf2 37. Qe3 Ng4 0-1

[Event "C.to Mondiale U18"]
[Site "Batumi GEO"]
[Date "2006.10.21"]
[Round "3"]
[White "Rodshtein, Maxim"]
[Black "Vocaturo, Daniele"]
[Result "0-1"]
[WhiteElo "2517"]
[BlackElo "2441"]
[PlyCount "76"]
[EventDate "2006.10.19"]

1. d4 Nf6 2. c4 g6 3. Nc3 Bg7 4. e4 d6 5. Be2 O-O 6. Nf3 e5 7. O-O Nc6 8. d5
Ne7 9. b4 a5 10. bxa5 c5 11. a4 Rxa5 12. Ra3 Nd7 13. Nb5 Ra6 14. Nd2 f5 15. Bb2
Bh6 16. exf5 gxf5 17. Rh3 Bg7 18. f4 Ng6 19. fxe5 Ndxe5 20. Kh1 Re8 21. Ra3 Qe7
22. Qc2 Bh6 23. Rh3 Bg5 24. Bh5 Rf8 25. Nf3 f4 26. Bxg6 hxg6 27. Nxe5 dxe5 28.
Ra3 Bf5 29. Qc3 Bf6 30. a5 e4 31. Qb3 e3 32. Raa1 Bxb2 33. Qxb2 Be4 34. Qe2 f3
35. gxf3 Raf6 36. d6 Rxf3 37. Rxf3 Rxf3 38. Qg2 Qg5 0-1

[Event "C.to Mondiale U18"]
[Site "Batumi GEO"]
[Date "2006.10.22"]
[Round "4"]
[White "Ahmadov, Fariz Khatir Oglu"]
[Black "Rombaldoni, Denis"]
[Result "0-1"]
[WhiteElo "2251"]
[BlackElo "2377"]
[PlyCount "70"]
[EventDate "2006.10.19"]

1. d4 Nf6 2. Nf3 e6 3. Bf4 b6 4. e3 Bb7 5. Nbd2 Be7 6. h3 Ne4 7. Bd3 f5 8. c3
d6 9. Qb3 Nxd2 10. Kxd2 Bd5 11. c4 Bb7 12. Rac1 O-O 13. Kc2 a5 14. Kb1 a4 15.
Qc2 a3 16. b4 Na6 17. Qc3 c5 18. b5 Nb4 19. Ne1 Bf6 20. h4 h6 21. Rd1 Qe7 22.
Bg3 Nxd3 23. Rxd3 Be4 24. f3 Bxd3+ 25. Qxd3 cxd4 26. exd4 d5 27. Nc2 dxc4 28.
Qxc4 Rfc8 29. Qb3 Qd7 30. Re1 Ra5 31. Bd6 Rxb5 32. Nb4 Qxd6 33. Rxe6 Qxb4 34.
Re8+ Kh7 35. Rxc8 Qe1+ 0-1

[Event "C.to Mondiale U18"]
[Site "Batumi GEO"]
[Date "2006.10.23"]
[Round "6"]
[White "Braun, Arik"]
[Black "Rombaldoni, Denis"]
[Result "1-0"]
[WhiteElo "2525"]
[BlackElo "2377"]
[PlyCount "91"]
[EventDate "2006.10.19"]

1. d4 d5 2. c4 e6 3. Nc3 Be7 4. Nf3 Nf6 5. Bg5 Nbd7 6. e3 O-O 7. cxd5 exd5 8.
Bd3 c6 9. Qc2 Re8 10. O-O h6 11. Bf4 Nf8 12. Rab1 Ne6 13. Bg3 Bd6 14. Ne5 Bxe5
15. Bxe5 Ng4 16. Bg3 h5 17. Qd1 g6 18. b4 Qg5 19. h4 Qf6 20. Bc2 Ng7 21. e4
dxe4 22. Nxe4 Qd8 23. Ng5 Ne6 24. Re1 Nf6 25. Be5 Nxg5 26. hxg5 Nd5 27. Qd2 Be6
28. b5 cxb5 29. Rxb5 b6 30. a4 Qd7 31. Be4 Rac8 32. Qd3 a6 33. Rb3 Nf4 34. Qf3
Bxb3 35. Qxf4 Qxa4 36. Qf6 Rxe5 37. dxe5 Qb4 38. Re3 Rc3 39. e6 Rc1+ 40. Kh2
Qd6+ 41. g3 Bxe6 42. Rd3 Qf8 43. Rd8 a5 44. Rxf8+ Kxf8 45. Bxg6 a4 46. Bxf7 1-0

[Event "C.to Mondiale U18"]
[Site "Batumi GEO"]
[Date "2006.10.25"]
[Round "7"]
[White "Rombaldoni, Denis"]
[Black "Leon Hoyos, Manuel"]
[Result "1-0"]
[WhiteElo "2377"]
[BlackElo "2437"]
[PlyCount "75"]
[EventDate "2006.10.19"]

1. d4 Nf6 2. c4 c5 3. d5 e5 4. Nc3 d6 5. e4 Be7 6. h3 Nbd7 7. Nf3 Nf8 8. Be2
Ng6 9. g3 h6 10. h4 Bd7 11. Nh2 a6 12. a4 Qc8 13. Nf1 Bd8 14. a5 Bc7 15. f4 h5
16. f5 Ne7 17. Bg5 Qd8 18. Bxf6 gxf6 19. Bxh5 Bxa5 20. Bf3 b5 21. Nd2 Nc8 22.
Qc2 Ke7 23. Kf2 Rb8 24. Nb3 Bxc3 25. bxc3 Nb6 26. Rxa6 Nxc4 27. Rha1 Qc8 28.
Be2 Nb6 29. c4 Nxc4 30. Bxc4 bxc4 31. Na5 Bb5 32. Nc6+ Bxc6 33. dxc6 Rb4 34.
Qd1 Rb2+ 35. Kf1 c3 36. Ra7+ Kf8 37. Qxd6+ Kg7 38. Rxf7+ 1-0

[Event "C.to Mondiale U18"]
[Site "Batumi GEO"]
[Date "2006.10.25"]
[Round "8"]
[White "Szabo, Krisztian"]
[Black "Vocaturo, Daniele"]
[Result "0-1"]
[WhiteElo "2476"]
[BlackElo "2441"]
[PlyCount "41"]
[EventDate "2006.10.19"]

1. e4 e5 2. Nf3 Nc6 3. Nc3 Nf6 4. d4 exd4 5. Nxd4 Bb4 6. Nxc6 bxc6 7. Bd3 d5 8.
exd5 O-O 9. O-O cxd5 10. Bg5 c6 11. Qf3 Bd6 12. Rfe1 Rb8 13. Rab1 h6 14. Bxf6
Qxf6 15. Qxf6 gxf6 16. Ne2 c5 17. b3 Be6 18. Red1 c4 19. Bxc4 Bxh2+ 20. Kxh2
dxc4 21. Nd4 {...} 0-1

[Event "C.to Mondiale U18"]
[Site "Batumi GEO"]
[Date "2006.10.27"]
[Round "10"]
[White "Vocaturo, Daniele"]
[Black "Sanikidze, Tornike"]
[Result "1-0"]
[WhiteElo "2441"]
[BlackElo "2418"]
[PlyCount "113"]
[EventDate "2006.10.19"]

1. e4 e5 2. Nf3 Nc6 3. d4 exd4 4. Bc4 Nf6 5. e5 d5 6. Bb5 Ne4 7. Nxd4 Bd7 8.
Bxc6 bxc6 9. O-O Bc5 10. f3 Ng5 11. f4 Ne4 12. Be3 Bb6 13. Nd2 c5 14. N4f3 Nxd2
15. Qxd2 Bf5 16. c3 c4 17. b4 Bd3 18. Rf2 O-O 19. a4 a5 20. Bxb6 cxb6 21. bxa5
Rxa5 22. Nd4 Qd7 23. f5 Rxa4 24. Rxa4 Qxa4 25. h3 Re8 26. e6 f6 27. Qf4 Qa1+
28. Kh2 Qe1 29. Nc6 Kh8 30. Rf3 Qxc3 31. Qd6 Qe1 32. Qd7 Rg8 33. Qf7 c3 34. Ne7
Ra8 35. Rg3 Qxg3+ 36. Kxg3 c2 37. Nc8 Rxc8 38. e7 h6 39. e8=Q+ Rxe8 40. Qxe8+
Kh7 41. Qe3 d4 42. Qc1 Bxf5 43. Kf2 Be4 44. Ke1 d3 45. g3 g5 46. Qe3 f5 47. Kd2
b5 48. g4 Kg7 49. Qa7+ Kf6 50. Qb6+ Ke5 51. Qxh6 Kf4 52. h4 Kxg4 53. hxg5 b4
54. g6 b3 55. g7 Bd5 56. Qg6+ Kh4 57. Qh7+ 1-0

[Event "C.to Mondiale U18"]
[Site "Batumi GEO"]
[Date "2006.10.28"]
[Round "11"]
[White "Braun, Arik"]
[Black "Vocaturo, Daniele"]
[Result "1-0"]
[WhiteElo "2525"]
[BlackElo "2441"]
[PlyCount "61"]
[EventDate "2006.10.19"]

1. d4 Nf6 2. c4 g6 3. Nc3 Bg7 4. e4 d6 5. f3 O-O 6. Nge2 c5 7. d5 e6 8. Ng3
exd5 9. cxd5 Nh5 10. Nxh5 gxh5 11. Bd3 f5 12. O-O f4 13. Ne2 Be5 14. g3 fxg3
15. hxg3 Bh3 16. Rf2 h4 17. f4 hxg3 18. Rf3 Qh4 19. Rxg3+ Bg7 20. Qe1 Kh8 21.
Qf2 Rg8 22. Rg5 Qxf2+ 23. Kxf2 Rf8 24. Bd2 Bf6 25. Bc3 Bxc3 26. bxc3 Bd7 27.
Rh1 Rf7 28. Rh6 Na6 29. Rxd6 c4 30. Bc2 Nc5 31. Ke3 1-0

[Event "VIII Festival A"]
[Site "Trieste ITA"]
[Date "2006.09.02"]
[Round "1"]
[White "Bevilacqua, Andrea"]
[Black "Mazi, Leon"]
[Result "0-1"]
[WhiteElo "2054"]
[BlackElo "2350"]
[PlyCount "52"]
[EventDate "2006.09.02"]

1. e4 Nf6 2. Nc3 d5 3. exd5 Nxd5 4. Nxd5 Qxd5 5. d4 Nc6 6. Be3 e5 7. dxe5 Qxe5
8. c3 Bc5 9. Nf3 Qe7 10. Qe2 O-O 11. Bxc5 Qxc5 12. O-O-O Be6 13. Kb1 Rfe8 14.
Qc2 Bxa2+ 15. Kc1 a5 16. b3 Qa3+ 17. Qb2 Qxb3 18. Bb5 a4 19. Nd4 Nxd4 20. Bxe8
Ne2+ 21. Qxe2 Qxc3+ 22. Qc2 Qxc2+ 23. Kxc2 Bb3+ 24. Kc3 Bxd1 25. Bxf7+ Kxf7 26.
Rxd1 a3 0-1

[Event "VIII Festival A"]
[Site "Trieste ITA"]
[Date "2006.09.02"]
[Round "1"]
[White "Brunello, Sabino"]
[Black "Pregarac, Valter"]
[Result "1-0"]
[WhiteElo "2391"]
[BlackElo "2058"]
[PlyCount "73"]
[EventDate "2006.09.02"]

1. e4 e6 2. d4 d5 3. e5 c5 4. c3 Nc6 5. Nf3 Qb6 6. a3 Bd7 7. b4 cxd4 8. cxd4
Rc8 9. Bb2 Na5 10. Nbd2 Nc4 11. Nxc4 dxc4 12. Rc1 a5 13. Nd2 axb4 14. Nxc4 Qd8
15. a4 Bc6 16. a5 Bd5 17. a6 Ra8 18. Qa4+ Bc6 19. Nd6+ Bxd6 20. Rxc6 bxc6 21.
Qxc6+ Kf8 22. exd6 Nf6 23. d5 Nxd5 24. d7 f6 25. Bc4 Ke7 26. Bxd5 exd5 27. O-O
Kf7 28. Qxd5+ Kg6 29. Re1 h5 30. Re3 h4 31. Qe4+ Kf7 32. Qd5+ Kg6 33. Qe4+ Kf7
34. Qe6+ Kg6 35. Re4 Rh5 36. a7 Kh7 37. Qf7 1-0

[Event "VIII Festival A"]
[Site "Trieste ITA"]
[Date "2006.09.02"]
[Round "1"]
[White "Burmakin, Vladimir"]
[Black "Cadelli, Luciano"]
[Result "1-0"]
[WhiteElo "2558"]
[BlackElo "2088"]
[PlyCount "51"]
[EventDate "2006.09.02"]

1. d4 d5 2. Nf3 Nf6 3. c4 e6 4. g3 b6 5. Bg2 Bb7 6. cxd5 exd5 7. Qa4+ Qd7 8.
Qc2 Bb4+ 9. Nc3 O-O 10. O-O c6 11. Bg5 Qe6 12. Bxf6 Qxf6 13. e4 Bxc3 14. bxc3
Nd7 15. e5 Qg6 16. Qd2 Ba6 17. Rfe1 Rfe8 18. Rad1 Nf8 19. Nh4 Qg4 20. h3 Qd7
21. Qc2 Rad8 22. f4 Ng6 23. Nf5 Bc8 24. Nd6 Rf8 25. f5 Nh8 26. c4 1-0